| 000 | 00481 a2200169 4500 | ||
|---|---|---|---|
| 003 | OSt | ||
| 005 | 20231214130729.0 | ||
| 008 | 231214b |||||||| |||| 00| 0 eng d | ||
| 020 | _a9788120340695 | ||
| 040 | _coclc | ||
| 082 |
_a530.1 _bARU/Q |
||
| 100 |
_aAruldhas, G _94106 |
||
| 245 |
_aQuantum mechanics: 500 Problems with Solutions / _cG Aruldhas |
||
| 260 |
_bPHI Learning, _c2022. |
||
| 300 | _a363p | ||
| 942 |
_2ddc _cBK _h530.1 _iARU/Q _k530.1 _mARU/Q |
||
| 999 |
_c44216 _d44216 |
||